[Event "Canadian op"]
[Site "Edmonton"]
[Date "2009.07.11"]
[Round "1.32"]
[White "Asquith, Tom"]
[Black "Haynes, Nicolas"]
[Result "0-1"]
[WhiteElo "1753"]
[BlackElo "2290"]
[PlyCount "64"]
[EventDate "2009.07.11"]
[EventType "swiss"]
[EventRounds "9"]
[EventCountry "CAN"]
[SourceTitle "EXT 2022"]
[Source "ChessBase"]
[SourceDate "2021.10.06"]
[SourceVersion "1"]
[SourceVersionDate "2021.10.06"]
[SourceQuality "1"]

1. Nf3 Nf6 2. c4 b6 3. d4 e6 4. a3 Bb7 5. e3 d5 6. Nc3 Be7 7. cxd5 exd5 8. Bd3 0-0 9. 0-0 c5 10. Re1 Nbd7 11. Bd2 a6 12. e4 dxe4 13. Bxe4 Nxe4 14. Nxe4 cxd4 15. Nxd4 Nc5 16. Nxc5 Bxc5 17. Bc3 Qh4 18. Re3 Rfd8 19. Rd3 Qe4 20. f3 Qg6 21. b4 Be7 22. Qe2 Bf6 23. Rad1 Rdc8 24. Be1 Bd5 25. Rc3 Rd8 26. Rc7 Re8 27. Qf2 Bxd4 28. Rxd4 Bxf3 29. Qxf3 Rxe1+ 30. Kf2 Ree8 31. Rc6 Qb1 32. Rxb6 Qe1# 0-1

[Event "Edmonton WBX tt"]
[Site "Edmonton"]
[Date "2008.12.14"]
[Round "4"]
[White "Haynes, Nicolas"]
[Black "MacKinnon, Keith"]
[Result "1/2-1/2"]
[WhiteElo "2148"]
[BlackElo "2076"]
[PlyCount "68"]
[EventDate "2008.12.13"]
[EventType "team-tourn"]
[EventRounds "5"]
[EventCountry "CAN"]
[SourceTitle "CBM 127 Extra"]
[Source "ChessBase"]
[SourceDate "2009.01.08"]
[SourceVersion "2"]
[SourceVersionDate "2009.01.28"]
[SourceQuality "1"]

1. Nf3 d5 2. g3 Nf6 3. c4 c6 4. b3 Bf5 5. Bg2 Nbd7 6. Bb2 e6 7. 0-0 Bd6 8. d3 0-0 9. Re1 Qe7 10. Nbd2 e5 11. e4 dxe4 12. dxe4 Bg6 13. a3 Nc5 14. Qc2 a5 15. Nh4 Rfd8 16. Bc3 Qc7 17. b4 axb4 18. axb4 Ne6 19. Rxa8 Rxa8 20. c5 Bf8 21. Ndf3 Nd7 22. Qb2 b6 23. cxb6 Qxb6 24. Rd1 Ra7 25. Nxg6 hxg6 26. Bh3 c5 27. bxc5 Qxb2 28. Bxb2 Nexc5 29. Bxd7 Nxd7 30. Nxe5 Nxe5 31. Bxe5 Re7 32. Bf4 Rxe4 33. Rd8 Re6 34. Be3 Rc6 1/2-1/2

[Event "Edmonton WBX tt"]
[Site "Edmonton"]
[Date "2008.12.13"]
[Round "1"]
[White "Purewal, Sardul"]
[Black "Haynes, Nicolas"]
[Result "1/2-1/2"]
[WhiteElo "2081"]
[BlackElo "2148"]
[PlyCount "114"]
[EventDate "2008.12.13"]
[EventType "team-tourn"]
[EventRounds "5"]
[EventCountry "CAN"]
[SourceTitle "CBM 127 Extra"]
[Source "ChessBase"]
[SourceDate "2009.01.08"]
[SourceVersion "2"]
[SourceVersionDate "2009.01.28"]
[SourceQuality "1"]

1. e4 e5 2. Nf3 Nc6 3. d4 exd4 4. Nxd4 Bc5 5. Be3 Qf6 6. c3 Nge7 7. Bc4 Qg6 8. 0-0 0-0 9. Nxc6 Qxc6 10. Bxc5 Qxc5 11. Bb3 d6 12. Qd4 Qh5 13. Na3 Kh8 14. f4 Nc6 15. Qf2 Be6 16. Bd1 Bg4 17. Bxg4 Qxg4 18. Nb5 Qd7 19. Rad1 a6 20. Nd4 Rae8 21. Rfe1 Nxd4 22. cxd4 Qa4 23. b3 Qa5 24. e5 dxe5 25. dxe5 Rd8 26. Qc2 h6 27. f5 Rxd1 28. Qxd1 Qc5+ 29. Kh1 Re8 30. Qe2 f6 31. e6 Qxf5 32. e7 Qd7 33. h3 g6 34. Qe4 Kg7 35. Qxb7 Rxe7 36. Rxe7+ Qxe7 37. Qxa6 Qe1+ 38. Kh2 Qe5+ 39. Kh1 h5 40. a4 g5 41. Qd3 g4 42. hxg4 h4 43. Qd7+ Kh6 44. Qd2+ Kg7 45. a5 Qa1+ 46. Kh2 Qe5+ 47. Kg1 Qa1+ 48. Kf2 Qe5 49. a6 Qc5+ 50. Qe3 Qc2+ 51. Kg1 Qd1+ 52. Kh2 Qd6+ 53. Kh3 Qxa6 54. Qe7+ Kg6 55. Qe8+ Kg7 56. Qd7+ Kg6 57. Qe8+ Kg7 1/2-1/2

[Event "Battle of Alberta"]
[Site "Red Deer"]
[Date "2008.09.20"]
[Round "2"]
[White "Haynes, Nicolas"]
[Black "Kaminski, Victor Kazimierz"]
[Result "1/2-1/2"]
[WhiteElo "2220"]
[BlackElo "2294"]
[PlyCount "39"]
[EventDate "2008.09.20"]
[EventType "team-match"]
[EventRounds "2"]
[EventCountry "CAN"]
[SourceTitle "EXT 2011"]
[Source "ChessBase"]
[SourceDate "2010.11.26"]
[SourceVersion "1"]
[SourceVersionDate "2010.11.26"]
[SourceQuality "1"]

1. e4 c5 2. Nf3 Nc6 3. Bb5 g6 4. Bxc6 bxc6 5. d4 Bg7 6. dxc5 Qa5+ 7. Nbd2 Ba6 8. c3 Qxc5 9. Nb3 Qc4 10. Nfd2 Qa4 11. Nc5 Qxd1+ 12. Kxd1 Bc8 13. Kc2 d6 14. Nd3 Nh6 15. Re1 f6 16. f4 Nf7 17. b3 e5 18. fxe5 fxe5 19. Ba3 Bb7 20. Nc4 1/2-1/2

[Event "Edmonton op 3rd"]
[Site "Edmonton"]
[Date "2008.08.01"]
[Round "3"]
[White "Hughey, Micah"]
[Black "Haynes, Nicolas"]
[Result "1-0"]
[WhiteElo "2011"]
[BlackElo "2175"]
[PlyCount "81"]
[EventDate "2008.07.31"]
[EventType "swiss"]
[EventRounds "9"]
[EventCountry "CAN"]
[SourceTitle "CBM 125 Extra"]
[Source "ChessBase"]
[SourceDate "2008.09.01"]
[SourceVersion "1"]
[SourceVersionDate "2008.09.01"]
[SourceQuality "1"]

1. e4 e5 2. Nf3 Nf6 3. Bc4 Nxe4 4. Nc3 Nc6 5. Nxe4 d5 6. Bd3 dxe4 7. Bxe4 Bd6 8. d4 exd4 9. Nxd4 0-0 10. Nxc6 bxc6 11. Bxc6 Ba6 12. Bxa8 Qxa8 13. Qf3 Qb8 14. Qb3 Bb4+ 15. c3 Qb5 16. Qc2 Bc5 17. Be3 Bxe3 18. fxe3 Rd8 19. Rd1 Re8 20. Kf2 Bb7 21. Rhe1 Be4 22. Qd2 Qg5 23. Kg1 h5 24. Qf2 Re6 25. Qg3 Qe7 26. Rd2 h4 27. Qg4 Rg6 28. Qc8+ Kh7 29. Ree2 Rg5 30. Qh3 Kg8 31. Rd7 Qf6 32. Red2 Rf5 33. g3 g5 34. R7d4 Qe5 35. Qg4 Bf3 36. Qh3 Qxe3+ 37. Rf2 Be4 38. Rdd2 Bd3 39. Qg4 Kg7 40. Qd4+ Qxd4 41. cxd4 1-0

[Event "Edmonton Summer op"]
[Site "Edmonton"]
[Date "2008.06.05"]
[Round "1"]
[White "Haynes, Nicolas"]
[Black "Ventura, Jason"]
[Result "1-0"]
[WhiteElo "2238"]
[BlackElo "1895"]
[PlyCount "81"]
[EventDate "2008.05.06"]
[EventType "swiss"]
[EventRounds "4"]
[EventCountry "CAN"]
[SourceTitle "EXT 2011"]
[Source "ChessBase"]
[SourceDate "2010.11.26"]
[SourceVersion "1"]
[SourceVersionDate "2010.11.26"]
[SourceQuality "1"]

1. e4 e5 2. Bc4 Nc6 3. Nf3 Bc5 4. d3 d6 5. c3 Qe7 6. Nbd2 Bg4 7. h3 Bh5 8. Nf1 Bb6 9. Ng3 Bg6 10. b4 Nf6 11. 0-0 Nh5 12. Kh2 Nd8 13. a4 a5 14. Bg5 f6 15. Be3 Bxe3 16. Nxh5 Bh6 17. Ng3 Ne6 18. Qb3 Bf7 19. Nf5 Qd7 20. N3h4 b6 21. Nxh6 gxh6 22. Nf5 h5 23. Nh6 Nd8 24. Nxf7 Nxf7 25. Qd1 axb4 26. cxb4 Ke7 27. Qxh5 Ng5 28. f4 Ne6 29. f5 Nd8 30. Qh6 Nf7 31. Qg7 Qe8 32. Rac1 c5 33. bxc5 dxc5 34. Rb1 Rb8 35. Rb2 Qf8 36. Qxf8+ Kxf8 37. Bxf7 Kxf7 38. Rfb1 Rhd8 39. Rxb6 Ra8 40. Rc1 Rxa4 41. Rxc5 1-0

[Event "Edmonton May Sectionals A,B,C,D"]
[Site "Edmonton"]
[Date "2007.05.19"]
[Round "1"]
[White "Hughey, Micah"]
[Black "Haynes, Nicolas"]
[Result "0-1"]
[WhiteElo "2224"]
[BlackElo "2197"]
[PlyCount "88"]
[EventDate "2007.05.19"]
[EventType "swiss"]
[EventRounds "5"]
[EventCountry "CAN"]
[SourceTitle "EXT 2022"]
[Source "ChessBase"]
[SourceDate "2021.10.06"]
[SourceVersion "1"]
[SourceVersionDate "2021.10.06"]
[SourceQuality "1"]

1. e4 e6 2. c4 c5 3. Nf3 Nc6 4. d4 cxd4 5. Nxd4 Nf6 6. Nc3 Bb4 7. Nxc6 bxc6 8. Bd3 e5 9. 0-0 0-0 10. Qc2 d6 11. a3 Bc5 12. b4 Bd4 13. Rb1 Be6 14. Ne2 Bb6 15. a4 a5 16. b5 Rc8 17. Bg5 h6 18. Bh4 g5 19. Bg3 h5 20. h4 Ng4 21. hxg5 Qxg5 22. Qc1 Qf6 23. Qe1 h4 24. Bh2 Bc5 25. Nc1 Kh8 26. Nb3 Nxh2 27. Kxh2 Rg8 28. Qe2 Qg5 29. Rg1 Qf4+ 30. Kh1 Bg4 31. Qd2 Qxd2 32. Nxd2 Bxf2 33. Rgf1 Be3 34. Nb3 cxb5 35. axb5 h3 36. Rb2 a4 37. Na5 Be6 38. gxh3 Rg3 39. Nc6 Bd4 40. Nxd4 exd4 41. Rd1 Rxh3+ 42. Kg2 Rg8+ 43. Kf1 Rh1+ 44. Ke2 Bg4+ 0-1